Fr. Conceicao Rodrigues College of Engineering

Embedded C Programming and the Atmel AVR (Record no. 22265)

MARC details
000 -LEADER
fixed length control field 00329nam a2200145Ia 4500
082 ## - DEWEY DECIMAL CLASSIFICATION NUMBER
Classification number 3.3
Item number BAR
100 ## - MAIN ENTRY--PERSONAL NAME
Personal name Barnett/Richard/ Ocull/Larry
245 ## - TITLE STATEMENT
Title Embedded C Programming and the Atmel AVR
260 ## - PUBLICATION, DISTRIBUTION, ETC.
Name of publisher, distributor, etc. Thomsan Learning
Date of publication, distribution, etc. 2003
366 ## - TRADE AVAILABILITY INFORMATION
Publishers's discount category 15
300 ## - PHYSICAL DESCRIPTION
Extent 495
546 ## - LANGUAGE NOTE
Language note ENGLISH
654 ## - SUBJECT ADDED ENTRY--FACETED TOPICAL TERMS
Focus term embedded
942 ## - ADDED ENTRY ELEMENTS (KOHA)
Koha item type BOOK
Holdings
Withdrawn status Lost status Damaged status Not for loan Collection Home library Current library Date acquired Cost, normal purchase price Total Checkouts Full call number Barcode Date last seen Date last checked out Cost, replacement price Price effective from Koha item type
        CRC Fr. Agnel's C.Rodrigues College of Engineering Fr. Agnel's C.Rodrigues College of Engineering 17/03/2023 420.75   3.3 BAR 15001 17/03/2023   495.00 17/03/2023 BOOK
        CRC Fr. Agnel's C.Rodrigues College of Engineering Fr. Agnel's C.Rodrigues College of Engineering 17/03/2023 420.75   3.3 BAR 15002 17/03/2023   495.00 17/03/2023 BOOK
        CRC Fr. Agnel's C.Rodrigues College of Engineering Fr. Agnel's C.Rodrigues College of Engineering 17/03/2023 420.75   3.3 BAR 15003 17/03/2023   495.00 17/03/2023 BOOK
        CRC Fr. Agnel's C.Rodrigues College of Engineering Fr. Agnel's C.Rodrigues- College of Engineering 17/03/2023 420.75 2 3.3 BAR 15000 04/09/2023 15/07/2023 495.00 17/03/2023 BOOK